000 01326nam a22002657a 4500
003 OSt
005 20260409113048.0
008 260409t1971 xxu||||| |||| 00| 0 spa d
040 _aUnicoc
_bspa
_c00001
_d00001
082 _a153.15
100 _912876
_aLe Ny, Jean-Francois
245 _aEl condicionamiento
_b: de la reacción condicional clásica a la reacción instrumental en el hombre
_c/ Le Ny, Jean-Francois
250 _a1 Ed.
260 _aEspaña :
_bPenínsula ,
_c1971.
300 _a181 páginas
_bGráficas
500 _aIncluye Índice y Referencias bibliográficas.
505 _tCapítulo 1. La reacción condicional clásica. --
_tCapítulo 2. Ampliación de la noción de condicionamiento. --
_tCapítulo 3. La extinción. --
_tCapítulo 4. La generalización condicional. --
_tCapítulo 5. El análisis. --
_tCapítulo 6. Motivación y refuerzo. --
_tCapítulo 7. Las actividades superiores.
526 _5Unicoc
546 _aEspañol
650 0 _912799
_aCondicionamiento operante
650 0 _910631
_aPsicología experimental
658 0 _910741
_aPrograma de Psicología
856 _yAcceso online exclusivo para comunidad Unicoc.
_uhttps://unicoceduco-my.sharepoint.com/:b:/g/personal/direccionbiblioteca_unicoc_edu_co/IQA2Fy706NxaSo4bsTr7ZN-FAXYFgo_7pdY2ICkWzrK7oIE
942 _2ddc
_cEBOOK
999 _c10823
_d10823